Postavení Afriky v globalizujícím se světe

Charakteristické postavenie afrických krajín v globálnom politickoekonomickom systéme. Konfliktnosť kontinentu. Americká rozvojová pomoc. Záujem Európskej únie o Afriku.

Enregistré dans:
Détails bibliographiques
Auteur principal: Vraný, Jan
Format: Chapitre de livre
Langue:tchèque
Sujets:
Tags: Ajouter un tag
Pas de tags, Soyez le premier à ajouter un tag!

MARC

LEADER 00000naa a2200000 4500
001 r042771
005 20230927121333.3
041 0 |a cze 
044 |a CZ 
245 1 0 |a Postavení Afriky v globalizujícím se světe  |c Jan Vraný 
520 |a Charakteristické postavenie afrických krajín v globálnom politickoekonomickom systéme. Konfliktnosť kontinentu. Americká rozvojová pomoc. Záujem Európskej únie o Afriku. 
610 2 0 |a politika medzinárodná 
610 2 0 |a Afrika 
610 2 0 |a globalizácia 
610 2 0 |a vývoj spoločenský 
610 2 0 |a konflikty 
610 2 0 |a USA 
610 2 0 |a Európska únia 
610 2 0 |a pomoc hospodárska 
610 2 0 |a pomoc medzinárodná 
100 1 |a Vraný, Jan